<?xml version="1.0" encoding="UTF-8"?>
<record
    xmlns:xsi="http://www.w3.org/2001/XMLSchema-instance"
    xsi:schemaLocation="http://www.loc.gov/MARC21/slim http://www.loc.gov/standards/marcxml/schema/MARC21slim.xsd"
    xmlns="http://www.loc.gov/MARC21/slim">

  <leader>00780nam a22001937a 4500</leader>
  <controlfield tag="008">110902t        xxu||||| |||| 00| 0 eng d</controlfield>
  <datafield tag="020" ind1=" " ind2=" ">
    <subfield code="a">0072320230 9780072320237</subfield>
  </datafield>
  <datafield tag="050" ind1=" " ind2=" ">
    <subfield code="a">BF76.78 W35 </subfield>
  </datafield>
  <datafield tag="100" ind1=" " ind2=" ">
    <subfield code="a">Wallace, Patricia M. </subfield>
  </datafield>
  <datafield tag="245" ind1=" " ind2=" ">
    <subfield code="a">Psych online</subfield>
    <subfield code="c">Patricia M. Wallace</subfield>
  </datafield>
  <datafield tag="250" ind1=" " ind2=" ">
    <subfield code="a">2nd ed.</subfield>
  </datafield>
  <datafield tag="260" ind1=" " ind2=" ">
    <subfield code="a">Boston </subfield>
    <subfield code="b">McGraw-Hill College</subfield>
    <subfield code="c">&#xA9;1999</subfield>
  </datafield>
  <datafield tag="300" ind1=" " ind2=" ">
    <subfield code="a">v, 136 p.</subfield>
    <subfield code="b">ill.</subfield>
    <subfield code="c">28 cm.</subfield>
  </datafield>
  <datafield tag="500" ind1=" " ind2=" ">
    <subfield code="a">Includes index</subfield>
  </datafield>
  <datafield tag="505" ind1=" " ind2=" ">
    <subfield code="a">Contents: Introducing psych online -- Tips and tools -- Megasities and library resources -- General resources for students and faculty -- Psychology resources by discipline -- Abnormal, clinical and counselling psychology</subfield>
  </datafield>
  <datafield tag="650" ind1=" " ind2=" ">
    <subfield code="a">Psychology</subfield>
    <subfield code="x">Computer network </subfield>
  </datafield>
  <datafield tag="650" ind1=" " ind2=" ">
    <subfield code="a">Resources</subfield>
    <subfield code="x">Directories</subfield>
    <subfield code="x">Information resources</subfield>
  </datafield>
  <datafield tag="942" ind1=" " ind2=" ">
    <subfield code="2">lcc</subfield>
    <subfield code="c">BK</subfield>
  </datafield>
  <datafield tag="999" ind1=" " ind2=" ">
    <subfield code="c">58</subfield>
    <subfield code="d">7558</subfield>
  </datafield>
  <datafield tag="952" ind1=" " ind2=" ">
    <subfield code="0">0</subfield>
    <subfield code="1">0</subfield>
    <subfield code="2">lcc</subfield>
    <subfield code="4">0</subfield>
    <subfield code="7">0</subfield>
    <subfield code="a">WIUC-1</subfield>
    <subfield code="b">WIUC-1</subfield>
    <subfield code="c">GEN</subfield>
    <subfield code="d">2011-09-02</subfield>
    <subfield code="l">0</subfield>
    <subfield code="o">BF76.78 W35</subfield>
    <subfield code="p">132/11</subfield>
    <subfield code="r">2011-09-02 00:00:00</subfield>
    <subfield code="t">1</subfield>
    <subfield code="w">2011-09-02</subfield>
    <subfield code="y">BK</subfield>
  </datafield>
  <datafield tag="952" ind1=" " ind2=" ">
    <subfield code="0">0</subfield>
    <subfield code="1">0</subfield>
    <subfield code="2">lcc</subfield>
    <subfield code="4">0</subfield>
    <subfield code="7">0</subfield>
    <subfield code="a">WIUC-1</subfield>
    <subfield code="b">WIUC-1</subfield>
    <subfield code="c">GEN</subfield>
    <subfield code="d">2011-09-02</subfield>
    <subfield code="l">0</subfield>
    <subfield code="o">BF76.78 W351</subfield>
    <subfield code="p">133/11</subfield>
    <subfield code="r">2011-09-02 00:00:00</subfield>
    <subfield code="t">2</subfield>
    <subfield code="w">2011-09-02</subfield>
    <subfield code="y">BK</subfield>
  </datafield>
  <datafield tag="952" ind1=" " ind2=" ">
    <subfield code="0">0</subfield>
    <subfield code="1">0</subfield>
    <subfield code="2">lcc</subfield>
    <subfield code="4">0</subfield>
    <subfield code="7">0</subfield>
    <subfield code="a">WIUC-1</subfield>
    <subfield code="b">WIUC-1</subfield>
    <subfield code="c">GEN</subfield>
    <subfield code="d">2011-09-02</subfield>
    <subfield code="l">0</subfield>
    <subfield code="o">BF76.78 W352</subfield>
    <subfield code="p">134/11</subfield>
    <subfield code="r">2011-09-02 00:00:00</subfield>
    <subfield code="t">3</subfield>
    <subfield code="w">2011-09-02</subfield>
    <subfield code="y">BK</subfield>
  </datafield>
  <datafield tag="952" ind1=" " ind2=" ">
    <subfield code="0">0</subfield>
    <subfield code="1">0</subfield>
    <subfield code="2">lcc</subfield>
    <subfield code="4">0</subfield>
    <subfield code="7">0</subfield>
    <subfield code="a">WIUC-1</subfield>
    <subfield code="b">WIUC-1</subfield>
    <subfield code="c">GEN</subfield>
    <subfield code="d">2011-09-02</subfield>
    <subfield code="l">0</subfield>
    <subfield code="o">BF76.78 W353</subfield>
    <subfield code="p">135/11</subfield>
    <subfield code="r">2011-09-02 00:00:00</subfield>
    <subfield code="t">4</subfield>
    <subfield code="w">2011-09-02</subfield>
    <subfield code="y">BK</subfield>
  </datafield>
  <datafield tag="952" ind1=" " ind2=" ">
    <subfield code="0">0</subfield>
    <subfield code="1">0</subfield>
    <subfield code="2">lcc</subfield>
    <subfield code="4">0</subfield>
    <subfield code="7">0</subfield>
    <subfield code="a">WIUC-1</subfield>
    <subfield code="b">WIUC-1</subfield>
    <subfield code="c">GEN</subfield>
    <subfield code="d">2011-09-02</subfield>
    <subfield code="l">0</subfield>
    <subfield code="o">BF76.78 W354</subfield>
    <subfield code="p">136/11</subfield>
    <subfield code="r">2011-09-02 00:00:00</subfield>
    <subfield code="t">5</subfield>
    <subfield code="w">2011-09-02</subfield>
    <subfield code="y">BK</subfield>
  </datafield>
  <datafield tag="952" ind1=" " ind2=" ">
    <subfield code="0">0</subfield>
    <subfield code="1">0</subfield>
    <subfield code="2">lcc</subfield>
    <subfield code="4">0</subfield>
    <subfield code="7">0</subfield>
    <subfield code="a">WIUC-1</subfield>
    <subfield code="b">WIUC-1</subfield>
    <subfield code="c">GEN</subfield>
    <subfield code="d">2011-09-02</subfield>
    <subfield code="l">0</subfield>
    <subfield code="o">BF76.78 W355</subfield>
    <subfield code="p">137/11</subfield>
    <subfield code="r">2011-09-02 00:00:00</subfield>
    <subfield code="t">6</subfield>
    <subfield code="w">2011-09-02</subfield>
    <subfield code="y">BK</subfield>
  </datafield>
  <datafield tag="952" ind1=" " ind2=" ">
    <subfield code="0">0</subfield>
    <subfield code="1">0</subfield>
    <subfield code="2">lcc</subfield>
    <subfield code="4">0</subfield>
    <subfield code="7">0</subfield>
    <subfield code="a">WIUC-1</subfield>
    <subfield code="b">WIUC-1</subfield>
    <subfield code="c">FIC</subfield>
    <subfield code="d">2011-09-02</subfield>
    <subfield code="l">0</subfield>
    <subfield code="o">BF76.78 W356</subfield>
    <subfield code="p">138/11</subfield>
    <subfield code="r">2011-09-02 00:00:00</subfield>
    <subfield code="t">7</subfield>
    <subfield code="w">2011-09-02</subfield>
    <subfield code="y">BK</subfield>
  </datafield>
  <datafield tag="952" ind1=" " ind2=" ">
    <subfield code="0">0</subfield>
    <subfield code="1">0</subfield>
    <subfield code="2">lcc</subfield>
    <subfield code="4">0</subfield>
    <subfield code="7">0</subfield>
    <subfield code="a">WIUC-1</subfield>
    <subfield code="b">WIUC-1</subfield>
    <subfield code="c">GEN</subfield>
    <subfield code="d">2011-09-02</subfield>
    <subfield code="l">0</subfield>
    <subfield code="o">BF76.78 W357</subfield>
    <subfield code="p">139/11</subfield>
    <subfield code="r">2011-09-02 00:00:00</subfield>
    <subfield code="t">8</subfield>
    <subfield code="w">2011-09-02</subfield>
    <subfield code="y">BK</subfield>
  </datafield>
  <datafield tag="952" ind1=" " ind2=" ">
    <subfield code="0">0</subfield>
    <subfield code="1">0</subfield>
    <subfield code="2">lcc</subfield>
    <subfield code="4">0</subfield>
    <subfield code="7">0</subfield>
    <subfield code="a">WIUC-1</subfield>
    <subfield code="b">WIUC-1</subfield>
    <subfield code="c">GEN</subfield>
    <subfield code="d">2011-09-02</subfield>
    <subfield code="l">0</subfield>
    <subfield code="o">BF76.78 W358</subfield>
    <subfield code="p">140/11</subfield>
    <subfield code="r">2011-09-02 00:00:00</subfield>
    <subfield code="t">9</subfield>
    <subfield code="w">2011-09-02</subfield>
    <subfield code="y">BK</subfield>
  </datafield>
  <datafield tag="952" ind1=" " ind2=" ">
    <subfield code="0">0</subfield>
    <subfield code="1">0</subfield>
    <subfield code="2">lcc</subfield>
    <subfield code="4">0</subfield>
    <subfield code="7">0</subfield>
    <subfield code="a">WIUC-1</subfield>
    <subfield code="b">WIUC-1</subfield>
    <subfield code="c">GEN</subfield>
    <subfield code="d">2011-09-02</subfield>
    <subfield code="l">0</subfield>
    <subfield code="o">BF76.78 W359</subfield>
    <subfield code="p">141/11</subfield>
    <subfield code="r">2011-09-02 00:00:00</subfield>
    <subfield code="t">10</subfield>
    <subfield code="w">2011-09-02</subfield>
    <subfield code="y">BK</subfield>
  </datafield>
</record>
